| 000 | 00795nam a22002177a 4500 | ||
|---|---|---|---|
| 003 | 0 | ||
| 005 | 20250129105220.0 | ||
| 008 | 150928b xxu||||| |||| 00| 0 eng d | ||
| 050 |
_aPGS LB 1062.6 _b.T617 2015 |
||
| 100 | _aTitco, Jannalyn I. | ||
| 245 |
_aInternet usage and academic performance / _cJannalyn I. Titco. |
||
| 260 |
_aLas PiƱas City, Philippines : _bSouthville International School and Colleges, _c2015. |
||
| 300 |
_a30 p. : _bill. ; _c28 cm. |
||
| 504 | _aIncludes bibliographical references. | ||
| 650 | _aInternet in education. | ||
| 650 |
_aAcademic achievement _vTechnological influences. |
||
| 650 |
_aLearning _vInternet use. |
||
| 650 |
_aDigital literacy _vImpact on academic performance. |
||
| 650 |
_aEducational technology _vEffectiveness. |
||
| 942 |
_2lcc _cPASS |
||
| 999 |
_c288761 _d288761 |
||